000 00748nam a2200229 u 4500
005 20240912063820.0
008 190131e2015 es r 000 0 spa d
020 _a9788499588483
035 _aUPN01000228729
049 _aCG
050 4 _aHQ10
_bM3.6
245 0 0 _aManual práctico de parentalidad positiva /
_ccoord. María José Rodrigo López.
260 _aMadrid ; Esp. :
_bSíntesis,
_c2015.
300 _a271 p. :
_bfigs., cuadros
440 0 _aManuales prácticos de psicología ;
_v47
650 4 _aEducación para la vida familiar
_913446
650 2 _aEducación
_xParticipación de los padres
_97544
650 2 _aParentalidad
_925035
700 1 _aRodrigo López, María José,
_ecoord.
905 _aLibro
999 _c200824
_d200824